[Event "Montevideo Trebejos Primavera op"]
[Site "Montevideo"]
[Date "2022.10.31"]
[Round "3"]
[White "Mott, Juan"]
[Black "Souto, Andres"]
[Result "1/2-1/2"]
[WhiteElo "1173"]
[BlackElo "1277"]
[PlyCount "86"]
[EventDate "2022.10.17"]
[EventType "swiss"]
[EventRounds "6"]
[EventCountry "URU"]
[SourceTitle "EXT 2024"]
[Source "ChessBase"]
[SourceDate "2023.10.10"]
[SourceVersion "1"]
[SourceVersionDate "2023.10.10"]
[SourceQuality "1"]

1. e4 e5 2. d4 exd4 3. Nf3 Be7 4. Nxd4 d6 5. Bc4 c6 6. 0-0 Nf6 7. Re1 0-0 8. Nf5 Nbd7 9. Nxe7+ Qxe7 10. Bg5 h6 11. Bh4 Ne5 12. Bb3 Ng6 13. Bg3 Ne5 14. Nd2 Be6 15. c4 c5 16. Nf3 Bg4 17. Re3 Rad8 18. Qe1 Nxf3+ 19. gxf3 Bh3 20. Bd1 Nh5 21. f4 Nxg3 22. fxg3 Bc8 23. Bf3 Rfe8 24. Qc3 Qd7 25. a3 b6 26. Kh1 Re7 27. Rg1 Rde8 28. g4 Bb7 29. g5 Bxe4 30. gxh6 Bxf3+ 31. Rxf3 f6 32. hxg7 Qf5 33. Qd3 Qxd3 34. Rxd3 Rd8 35. f5 Rxg7 36. Rxg7+ Kxg7 37. Rd5 Kf7 38. Kg2 Ke7 39. h4 Rg8+ 40. Kh3 Rg1 41. h5 Rh1+ 42. Kg4 Rg1+ 43. Kh4 Rh1+ 1/2-1/2

[Event "Montevideo Trebejos op 11"]
[Site "Montevideo"]
[Date "2021.12.03"]
[Round "6"]
[White "Olivera, Omar"]
[Black "Souto, Andres"]
[Result "1-0"]
[WhiteElo "1299"]
[BlackElo "1306"]
[PlyCount "87"]
[EventDate "2021.11.15"]
[EventType "swiss"]
[EventRounds "6"]
[EventCountry "URU"]
[SourceTitle "EXT 2023"]
[Source "ChessBase"]
[SourceDate "2022.10.05"]
[SourceVersion "1"]
[SourceVersionDate "2022.10.05"]
[SourceQuality "1"]

1. d4 d5 2. Bf4 c6 3. e3 e6 4. Nf3 h6 5. Bd3 Nf6 6. Ne5 Nbd7 7. Nd2 Nxe5 8. dxe5 Nd7 9. 0-0 Nc5 10. Be2 Na4 11. Rb1 Be7 12. c4 Nb6 13. Qb3 0-0 14. Rfd1 Qc7 15. Rbc1 Rd8 16. cxd5 Nxd5 17. Bg3 c5 18. Bf3 b6 19. Ne4 Qb7 20. Nc3 Bd7 21. Nxd5 exd5 22. Bxd5 Bc6 23. Bxc6 Qxc6 24. Rxd8+ Rxd8 25. Rd1 Rxd1+ 26. Qxd1 Qe6 27. b3 Kf8 28. e4 g6 29. Qd5 Kg7 30. Qxe6 fxe6 31. f4 b5 32. Kf1 Kf7 33. Ke2 Bd8 34. Bf2 Bb6 35. b4 cxb4 36. Bxb6 axb6 37. Kd2 Ke7 38. Kc2 Kd7 39. Kb3 Kc6 40. Kxb4 h5 41. h3 h4 42. a3 Kc7 43. Kxb5 Kb7 44. f5 1-0

[Event "Punta del Este Alekhine op"]
[Site "Punta del Este"]
[Date "2020.03.07"]
[Round "2"]
[White "Delbono Menoni, Ruben"]
[Black "Souto, Andres"]
[Result "1-0"]
[WhiteElo "1597"]
[BlackElo "1311"]
[PlyCount "97"]
[EventDate "2020.03.06"]
[EventType "swiss"]
[EventRounds "5"]
[EventCountry "URU"]
[SourceTitle "EXT 2021"]
[Source "ChessBase"]
[SourceDate "2020.10.23"]
[SourceVersion "1"]
[SourceVersionDate "2020.10.23"]
[SourceQuality "1"]

1. c4 e5 2. Nc3 Bc5 3. Nf3 d6 4. g3 Nf6 5. d3 Be6 6. Bg2 c6 7. 0-0 0-0 8. a3 Qd7 9. Bg5 Ne8 10. Re1 Bh3 11. Bh1 f6 12. Bd2 a6 13. b4 Ba7 14. Qb3 Kh8 15. Rab1 b5 16. cxb5 axb5 17. Nh4 Be6 18. Qc2 Bb6 19. a4 bxa4 20. Nxa4 Bxf2+ 21. Kxf2 Qa7+ 22. e3 Qxa4 23. Qxa4 Rxa4 24. Ra1 Rxa1 25. Rxa1 d5 26. Bf3 Nd6 27. Ke2 e4 28. Bh1 Bg4+ 29. Kf2 exd3 30. Ra8 Ne4+ 31. Bxe4 dxe4 32. Ng2 h6 33. h4 Kh7 34. Nf4 h5 35. Ra7 Kh6 36. Ke1 Nd7 37. Ra6 Ne5 38. Ra7 g5 39. Ng2 Rb8 40. hxg5+ fxg5 41. Bc3 Nf3+ 42. Kf2 Rf8 43. Ra2 Ne5+ 44. Nf4 Rf7 45. Ra8 gxf4 46. exf4 Ng6 47. Ke3 h4 48. gxh4 Rxf4 49. Bd2 1-0

[Event "Montevideo Trebejos op U1700"]
[Site "Montevideo"]
[Date "2020.01.24"]
[Round "2"]
[White "Tabarez, Miguel"]
[Black "Souto, Andres"]
[Result "0-1"]
[WhiteElo "1584"]
[BlackElo "1261"]
[PlyCount "112"]
[EventDate "2020.01.20"]
[EventType "swiss"]
[EventRounds "6"]
[EventCountry "URU"]
[SourceTitle "CBM 195 Extra"]
[Source "ChessBase"]
[SourceDate "2020.05.31"]
[SourceVersion "1"]
[SourceVersionDate "2020.05.31"]
[SourceQuality "1"]

1. d4 d5 2. Bf4 Nf6 3. Nf3 e6 4. e3 b6 5. Bd3 Ba6 6. 0-0 Bxd3 7. Qxd3 Be7 8. Nbd2 Nbd7 9. c3 0-0 10. Rfe1 c5 11. b3 a6 12. c4 h6 13. h3 Re8 14. Ne5 Nxe5 15. Bxe5 Nd7 16. Bh2 Bf6 17. Nf3 dxc4 18. bxc4 e5 19. dxe5 Nxe5 20. Nxe5 Bxe5 21. Qxd8 Bxh2+ 22. Kxh2 Raxd8 23. Re2 Rd6 24. Rb1 f5 25. Rbb2 Kf7 26. g3 h5 27. h4 Kf6 28. Rb3 a5 29. a4 Ke5 30. Kg2 Kf6 31. f4 Re4 32. Rc2 Ke7 33. Kf3 Kd7 34. Ke2 Kc7 35. Rcc3 Ree6 36. Rb1 Rg6 37. Rg1 Rg4 38. Kf3 Rdg6 39. e4 fxe4+ 40. Kxe4 Rxh4 41. Kf5 Rhg4 42. Re3 Rf6+ 43. Ke4 g5 44. Rf1 Re6+ 45. Kf3 Rxe3+ 46. Kxe3 Rxg3+ 47. Ke4 Rg4 48. Kf5 gxf4 49. Rh1 f3 50. Rxh5 Rxc4 51. Rh7+ Kd6 52. Rh6+ Kd5 53. Rh8 Kd4 54. Kf4 f2 55. Rd8+ Kc3+ 56. Ke3 f1Q 0-1

[Event "Montevideo Trebejos Nostalgico op"]
[Site "Montevideo"]
[Date "2019.08.16"]
[Round "4"]
[White "Kulik, Nicolas"]
[Black "Souto, Andres"]
[Result "1-0"]
[WhiteElo "1500"]
[BlackElo "1255"]
[PlyCount "36"]
[EventDate "2019.08.05"]
[EventType "swiss"]
[EventRounds "6"]
[EventCountry "URU"]
[SourceTitle "EXT 2020"]
[Source "ChessBase"]
[SourceDate "2019.10.17"]
[SourceVersion "1"]
[SourceVersionDate "2019.10.17"]
[SourceQuality "1"]

1. d4 d5 2. c4 Nf6 3. Nc3 e6 4. Nf3 Nbd7 5. Bf4 Bb4 6. Qc2 Ne4 7. a3 Bxc3+ 8. bxc3 Nef6 9. e3 c6 10. Bd3 Nf8 11. h3 Ng6 12. Bh2 b6 13. Ne5 Bb7 14. 0-0 Nd7 15. Nxg6 fxg6 16. Bxg6+ Ke7 17. Bxh7 Ba6 18. Qg6 Bxc4 1-0

[Event "Montevideo Autumn op 2nd"]
[Site "Montevideo"]
[Date "2019.05.17"]
[Round "7"]
[White "Souto, Andres"]
[Black "Ferrari, Carlos"]
[Result "0-1"]
[WhiteElo "1288"]
[BlackElo "1685"]
[PlyCount "76"]
[EventDate "2019.05.03"]
[EventType "swiss"]
[EventRounds "7"]
[EventCountry "URU"]
[SourceTitle "CBM 190 Extra"]
[Source "ChessBase"]
[SourceDate "2019.07.15"]
[SourceVersion "1"]
[SourceVersionDate "2019.07.15"]
[SourceQuality "1"]

1. e4 c5 2. Bc4 e6 3. Nc3 Nc6 4. Nf3 Be7 5. a3 a6 6. d3 Qc7 7. 0-0 Nf6 8. h3 0-0 9. Be3 b6 10. Qd2 Bb7 11. Nh2 Rad8 12. Rad1 d5 13. exd5 exd5 14. Ba2 d4 15. Bf4 Bd6 16. Bxd6 Qxd6 17. Ne2 Ne5 18. Ng3 Ng6 19. Rde1 Rde8 20. Rxe8 Rxe8 21. Re1 Re5 22. Qd1 Nh4 23. Rxe5 Qxe5 24. Nf3 Bxf3 25. gxf3 Qf4 26. c3 Nxf3+ 27. Kg2 Ng5 28. Nh5 Nxh5 29. Qxh5 dxc3 30. bxc3 g6 31. Qd1 Qf5 32. Qg4 Qf6 33. d4 cxd4 34. Qxd4 Qf3+ 35. Kg1 Nxh3+ 36. Kf1 Nf4 37. Qd8+ Kg7 38. Qd4+ Kh6 0-1

[Event "Montevideo Autumn op 2nd"]
[Site "Montevideo"]
[Date "2019.05.08"]
[Round "3"]
[White "Olivera, Omar"]
[Black "Souto, Andres"]
[Result "1/2-1/2"]
[WhiteElo "1241"]
[BlackElo "1288"]
[PlyCount "88"]
[EventDate "2019.05.03"]
[EventType "swiss"]
[EventRounds "7"]
[EventCountry "URU"]
[SourceTitle "CBM 190 Extra"]
[Source "ChessBase"]
[SourceDate "2019.07.15"]
[SourceVersion "1"]
[SourceVersionDate "2019.07.15"]
[SourceQuality "1"]

1. d4 d5 2. Bf4 Nf6 3. Nf3 Nc6 4. e3 a6 5. Bd3 Bg4 6. h3 Bh5 7. c3 e6 8. Nbd2 Be7 9. Qc2 Nd7 10. g4 Bg6 11. Bxg6 hxg6 12. 0-0-0 Na7 13. Ne5 g5 14. Bg3 c5 15. f4 cxd4 16. exd4 Nxe5 17. fxe5 Nc6 18. Kb1 Rc8 19. Qa4 Qa5 20. Qxa5 Nxa5 21. Rh2 Nc4 22. Nxc4 Rxc4 23. Rdh1 Rc8 24. h4 gxh4 25. Bxh4 g5 26. Bg3 Rxh2 27. Rxh2 Kd7 28. Rh7 Rf8 29. Kc2 b5 30. b4 Bd8 31. Be1 Be7 32. Bd2 Ke8 33. Rg7 f6 34. exf6 Rxf6 35. Rxe7+ Kxe7 36. Bxg5 Kf7 37. Bxf6 Kxf6 38. Kb2 Kg5 39. a4 Kxg4 40. axb5 axb5 41. Kc2 Kf4 42. Kd3 Kf3 43. Kc2 Ke4 44. Kd2 Kf4 1/2-1/2

[Event "Montevideo Nazzari Memorial"]
[Site "Montevideo"]
[Date "2019.03.13"]
[Round "2"]
[White "Sardi, Anibal"]
[Black "Souto, Andres"]
[Result "1-0"]
[WhiteElo "1605"]
[BlackElo "1291"]
[PlyCount "45"]
[EventDate "2019.03.11"]
[EventType "swiss"]
[EventRounds "7"]
[EventCountry "URU"]
[SourceTitle "CBM 189 Extra"]
[Source "ChessBase"]
[SourceDate "2019.06.03"]
[SourceVersion "1"]
[SourceVersionDate "2019.06.03"]
[SourceQuality "1"]

1. e4 e5 2. Nf3 d6 3. d4 exd4 4. Bc4 Bg4 5. 0-0 Nf6 6. c3 dxc3 7. Nxc3 Nc6 8. Qb3 Be6 9. Bxe6 fxe6 10. Qxb7 Na5 11. Qa6 c6 12. b4 Qb6 13. Qxb6 axb6 14. bxa5 Rxa5 15. Be3 b5 16. e5 Nd5 17. Bd2 b4 18. Nxd5 Rxd5 19. Bxb4 dxe5 20. Bxf8 Rxf8 21. Rfe1 Rf5 22. Re3 Ke7 23. g4 1-0

[Event "Montevideo Trebejos Verano op"]
[Site "Montevideo"]
[Date "2019.01.28"]
[Round "5"]
[White "Olivera, Omar"]
[Black "Souto, Andres"]
[Result "0-1"]
[WhiteElo "1194"]
[BlackElo "1316"]
[PlyCount "103"]
[EventDate "2019.01.18"]
[EventType "swiss"]
[EventRounds "7"]
[EventCountry "URU"]
[SourceTitle "CBM 188 Extra"]
[Source "ChessBase"]
[SourceDate "2019.02.26"]
[SourceVersion "1"]
[SourceVersionDate "2019.02.26"]
[SourceQuality "1"]

1. d4 d5 2. Bf4 Nf6 3. e3 e6 4. Nd2 Be7 5. c3 b6 6. h3 0-0 7. Bd3 Ba6 8. Bxa6 Nxa6 9. Ngf3 Nd7 10. Ne5 Nxe5 11. dxe5 Nc5 12. Qc2 Bg5 13. Bg3 Qd7 14. 0-0 Qc6 15. Nf3 Be7 16. Nd4 Qd7 17. Nf3 Nb7 18. Bh4 Bxh4 19. Nxh4 c5 20. Rad1 Qe7 21. Nf3 Rad8 22. h4 h6 23. g4 f6 24. Kg2 Na5 25. Rh1 Nc6 26. g5 Nxe5 27. gxh6 Nxf3 28. Kxf3 f5 29. Rdg1 Rf7 30. Rg5 Kh7 31. hxg7 Rxg7 32. Rhg1 Rxg5 33. hxg5 Rg8 34. e4 Rxg5 35. Rh1+ Kg6 36. exf5+ Rxf5+ 37. Ke2 Qf6 38. f4 e5 39. Rg1+ Kf7 40. Rg5 e4 41. Rxf5 Qxf5 42. Ke3 Qh3+ 43. Ke2 Qh2+ 44. Kd1 Qxc2+ 45. Kxc2 Kf6 46. Kd2 Kf5 47. Ke3 a6 48. a3 b5 49. b3 a5 50. b4 axb4 51. axb4 d4+ 52. cxd4 0-1

[Event "Montevideo Trebejos op 09"]
[Site "Montevideo"]
[Date "2018.09.10"]
[Round "3"]
[White "Souto, Andres"]
[Black "Kulik, Nicolas"]
[Result "1/2-1/2"]
[WhiteElo "1313"]
[BlackElo "1436"]
[PlyCount "114"]
[EventDate "2018.09.05"]
[EventType "swiss"]
[EventRounds "7"]
[EventCountry "URU"]
[SourceTitle "CBM 186 Extra"]
[Source "ChessBase"]
[SourceDate "2018.08.24"]
[SourceVersion "1"]
[SourceVersionDate "2018.08.24"]
[SourceQuality "1"]

1. e4 e6 2. Nc3 d5 3. exd5 exd5 4. d4 Nf6 5. Nf3 Be7 6. Be2 0-0 7. 0-0 Nc6 8. h3 Bf5 9. a3 Re8 10. Re1 h6 11. Be3 a6 12. Rc1 Bd6 13. Qd2 Re6 14. Bf4 Be7 15. Bf1 Qd7 16. Ne5 Nxe5 17. dxe5 Nh7 18. Qxd5 Qxd5 19. Nxd5 Bd8 20. c3 c6 21. Ne3 Bg6 22. Rcd1 Nf8 23. Rd2 Bc7 24. Nc4 b5 25. Nd6 Rd8 26. Red1 Bh7 27. Bg3 Ng6 28. f4 Ne7 29. Nb7 Bb6+ 30. Kh1 Rxd2 31. Rxd2 Nf5 32. Bf2 Bc7 33. g4 Ne7 34. Nc5 Rg6 35. Bd3 f5 36. Bh4 fxg4 37. Bxg6 Nxg6 38. Bg3 gxh3 39. Ne6 Bb6 40. Kh2 Ne7 41. Bf2 Bxf2 42. Rxf2 Nd5 43. Rf3 Be4 44. Rf2 Ne3 45. Re2 Nf1+ 46. Kg1 h2+ 47. Rxh2 Nxh2 48. Kxh2 Bf5 49. Nd4 Bd7 50. Kg3 g6 51. b4 Kf7 52. e6+ Bxe6 53. Nxc6 Bd5 54. Nb8 Bb7 55. Nd7 Ke7 56. Ne5 Kf6 57. Ng4+ Kg7 1/2-1/2

[Event "Montevideo Trebejos op 07"]
[Site "Montevideo"]
[Date "2018.07.27"]
[Round "7"]
[White "Souto, Andres"]
[Black "Zaruski, Julio"]
[Result "0-1"]
[WhiteElo "1332"]
[BlackElo "1862"]
[PlyCount "56"]
[EventDate "2018.07.11"]
[EventType "swiss"]
[EventRounds "7"]
[EventCountry "URU"]
[SourceTitle "EXT 2019"]
[Source "ChessBase"]
[SourceDate "2018.10.10"]
[SourceVersion "1"]
[SourceVersionDate "2018.10.10"]
[SourceQuality "1"]

1. e4 c5 2. c4 Nc6 3. Nf3 g6 4. Be2 Bg7 5. a3 d6 6. Qc2 Nf6 7. d3 0-0 8. 0-0 Nd7 9. Nc3 a6 10. Rb1 Nde5 11. Be3 Nxf3+ 12. Bxf3 Nd4 13. Bxd4 Bxd4 14. Ne2 Bg7 15. h3 Rb8 16. b4 cxb4 17. Rxb4 Qa5 18. Ra4 Qg5 19. Ng3 Bd7 20. Rb4 Rfc8 21. a4 h5 22. Qc1 Qc5 23. Qa3 b5 24. cxb5 axb5 25. a5 Bc3 26. Rb3 b4 27. Qc1 Qxa5 28. Qg5 Qxg5 0-1

[Event "Montevideo Andrea Memorial 3rd"]
[Site "Montevideo"]
[Date "2018.05.08"]
[Round "1"]
[White "Diano, Gabriel"]
[Black "Souto, Andres"]
[Result "1-0"]
[WhiteElo "1866"]
[BlackElo "1327"]
[PlyCount "44"]
[EventDate "2018.05.08"]
[EventType "swiss"]
[EventRounds "6"]
[EventCountry "URU"]
[SourceTitle "CBM 184 Extra"]
[Source "ChessBase"]
[SourceDate "2018.06.28"]
[SourceVersion "1"]
[SourceVersionDate "2018.06.28"]
[SourceQuality "1"]

1. e4 e5 2. Nf3 d6 3. d4 exd4 4. Nxd4 Nf6 5. Nc3 Be7 6. Bc4 0-0 7. 0-0 Kh8 8. a3 Bd7 9. b4 a6 10. Bb2 Nc6 11. Bb3 Nxd4 12. Qxd4 Ne8 13. Nd5 Bf6 14. Nxf6 Qxf6 15. Qxf6 Nxf6 16. Bxf6 gxf6 17. Rad1 Kg7 18. Rfe1 Be6 19. Bd5 Rab8 20. Re3 Kh8 21. h3 Rg8 22. f4 Bxh3 1-0

[Event "Montevideo Trebejos Autumn op"]
[Site "Montevideo"]
[Date "2018.03.09"]
[Round "2"]
[White "Chamlian, Aram"]
[Black "Souto, Andres"]
[Result "1-0"]
[WhiteElo "1713"]
[BlackElo "1332"]
[PlyCount "57"]
[EventDate "2018.03.07"]
[EventType "swiss"]
[EventRounds "7"]
[EventCountry "URU"]
[SourceTitle "CBM 183 Extra"]
[Source "ChessBase"]
[SourceDate "2018.04.19"]
[SourceVersion "1"]
[SourceVersionDate "2018.04.19"]
[SourceQuality "1"]

1. e4 e5 2. Nf3 d6 3. Bc4 Be7 4. d4 Nd7 5. Nc3 Bf6 6. Be3 Ne7 7. Qd2 Ng6 8. g4 h6 9. 0-0-0 Nh4 10. Nxh4 Bxh4 11. f4 exf4 12. Bxf4 Bg5 13. Rdf1 Bxf4 14. Qxf4 Qf6 15. Qxf6 gxf6 16. Nd5 Kd8 17. Nxf6 Nxf6 18. Rxf6 Be6 19. Bxe6 fxe6 20. Rxe6 Kd7 21. Rf6 Rae8 22. Rf7+ Kc6 23. Re1 b6 24. e5 Re6 25. c4 Kb7 26. Rf6 Rxf6 27. exf6 Rf8 28. Re6 Rf7 29. a4 1-0